Sociedades en envejecimiento: ventajas y costes de vivir más
El artículo pretende mostrar la situación actual de envejecimiento de la población en diversas áreas del planeta, enfatizando en las ventajas y los costes de vivir más; así, es necesario tener presente los cambios en las necesidades de la población, como la capacidad de adaptación de los mercados de...
Guardat en:
| Format: | Text |
|---|---|
| Matèries: | |
| Etiquetes: |
Afegir etiqueta
Sense etiquetes, Sigues el primer a etiquetar aquest registre!
|
MARC
| LEADER | 00000 a a2200000 04500 | ||
|---|---|---|---|
| 001 | 42498 | ||
| 003 | |||
| 040 | |||
| 245 | |a Sociedades en envejecimiento: |b ventajas y costes de vivir más | ||
| 520 | |a El artículo pretende mostrar la situación actual de envejecimiento de la población en diversas áreas del planeta, enfatizando en las ventajas y los costes de vivir más; así, es necesario tener presente los cambios en las necesidades de la población, como la capacidad de adaptación de los mercados de trabajo y de la sostenibilidad de los sistemas de protección social y salud. | ||
| 590 | |a SJB/JULIO2012 | ||
| 650 | |a ENVEJECIMIENTO DE LA POBLACION | ||
| 650 | |a TRABAJO | ||
| 650 | |a CAMBIO DEMOGRAFICO | ||
| 650 | |a POBLACION OCUPADA | ||
| 650 | |a SISTEMA DE PREVISION SOCIAL | ||
| 650 | |a SEGURIDAD SOCIAL | ||
| 650 | |a MERCADO DE TRABAJO | ||
| 773 | |g número67 (2009), páginas 9-12 : fotos | ||
| 999 | |c 25182 |d 25182 | ||
